Algebraic theory of measure and integration
Αποθηκεύτηκε σε:
| Κύριος συγγραφέας: | |
|---|---|
| Μορφή: | Βιβλίο |
| Γλώσσα: | English German |
| Δημοσίευση: |
New York :
Chelsea Pub. Co.,
c1986.
|
| Θέματα: | |
| Ετικέτες: |
Προσθήκη ετικέτας
Δεν υπάρχουν, Καταχωρήστε ετικέτα πρώτοι!
|
MARC
| LEADER | 00000cam a2200000 i 4500 | ||
|---|---|---|---|
| 001 | 1/36384 | ||
| 008 | 941103s1986 nyu| ||| |||| ||eng|| | ||
| 035 | |a 1993 |l 10040227 | ||
| 040 | |a GR-MyUA |b gre |e AACR2 | ||
| 041 | 1 | |a eng |h ger | |
| 082 | 0 | |a 515.42 | |
| 100 | 1 | |a Carathéodory, Constantin, |d 1873-1950. | |
| 245 | 1 | 0 | |a Algebraic theory of measure and integration / |c C. Caratheodory ; translation by F.E.J. Linton. |
| 260 | |a New York : |b Chelsea Pub. Co., |c c1986. | ||
| 300 | |a 378 σ. ; |c 24 εκ. | ||
| 500 | |a Τίτλος πρωτοτύπου: Mass und Integral und ihre Algebraisierung. | ||
| 504 | |a Περιέχει ευρετήριο. | ||
| 650 | 0 | 0 | |a Caratheodory measure. |
| 852 | |a INST |b SAMOS |e 19941103 |h 515.42 ΚΑΡ |p 005300008100 |q 005300008100 |t BK |y 0 | ||
| 909 | |a Σ |b 029483 | ||